[Event "Buenos Aires"]
[Site "?"]
[Date "1992.??.??"]
[Round "?"]
[White "Chernin, A."]
[Black "Milos, Gilberto"]
[Result "1/2-1/2"]
[WhiteElo "2620"]
[BlackElo "2515"]
[PlyCount "72"]
[EventDate "1992.??.??"]
[Source "ChessBase"]
[SourceDate "1992.02.01"]

1. d4 Nf6 2. c4 c5 3. d5 b5 4. cxb5 a6 5. b6 d6 6. Nc3 Qxb6 7. a4 g6 8. a5 Qb4 9. Nf3 Bg7 10. Nd2 O-O 11. e4 Bd7 12. Ra3 e6 13. Be2 exd5 14. exd5 Bb5 15. Nxb5 axb5 16. Rb3 Qd4 17. Rxb5 Nxd5 18. Nc4 Nc6 19. Nxd6 Rad8 20. Nb7 Qxd1+ 21. Kxd1 Nc3+ 22. Ke1 Nxe2 23. Nxd8 Rxd8 24. Rxc5 Ned4 25. Be3 Bf8 26. Rc4 Bb4+ 27. Kf1 Bxa5 28. g4 Rd5 29. Kg2 Bb6 30. Rxc6 Nxc6 31. Bxb6 Rb5 32. Bc7 Rxb2 33. Rc1 Ne7 34. Bd6 Rb7 35. Re1 Kf8 36. Re3 f6 1/2-1/2

[Event "Campionato europeo 2007"]
[Site "Dresda GER"]
[Date "2007.04.11"]
[Round "8.69"]
[White "Erdos, Viktor"]
[Black "Balogh, Csaba"]
[Result "1/2-1/2"]
[WhiteElo "2518"]
[BlackElo "2617"]
[PlyCount "52"]
[EventDate "2007.04.03"]
[Source "www.chesslib.no"]
[SourceDate "2004.05.04"]

1. d4 Nf6 2. c4 c5 3. d5 b5 4. cxb5 a6 5. b6 e6 6. Nc3 exd5 7. Nxd5 Nxd5 8. Qxd5 Nc6 9. Nf3 Rb8 10. e4 Be7 11. Bc4 O-O 12. O-O Rxb6 13. Bd2 d6 14. Bc3 Bf6 15. Qh5 Be6 16. Bxe6 fxe6 17. Rad1 Qe7 18. e5 dxe5 19. Rfe1 Qf7 20. Qxf7+ Kxf7 21. Nd2 Rd8 22. Kf1 Rbb8 23. Ne4 Nd4 24. b3 Be7 25. Rc1 a5 26. Re3 h6 1/2-1/2

[Event "Amber-blind 3rd"]
[Site "Monte Carlo"]
[Date "1994.??.??"]
[Round "11"]
[White "Seirawan, Yasser"]
[Black "Polgar, Zsuzsa"]
[Result "1-0"]
[WhiteElo "2585"]
[BlackElo "2550"]
[PlyCount "71"]
[EventDate "1994.03.??"]
[Source "ChessBase"]

1. d4 Nf6 2. c4 c5 3. d5 b5 4. cxb5 a6 5. b6 a5 6. Nc3 Ba6 7. f4 d6 8. Nf3 Nbd7 9. b7 Rb8 10. e4 Bxf1 11. Rxf1 Nb6 12. e5 dxe5 13. fxe5 Nfxd5 14. Ng5 Qd7 15. Nxf7 Rg8 16. Nxd5 Qxd5 17. Qc2 Rxb7 18. Qxh7 Nc4 19. Bg5 g6 20. Rf2 Rg7 21. Qh3 Qe4+ 22. Kf1 Rd7 23. e6 Rd5 24. Re1 Qd3+ 25. Qxd3 Rxd3 26. Rc1 Rd4 27. b3 Nd6 28. Rxc5 Nxf7 29. exf7+ Kd7 30. Bh6 Rxf7 31. Rxf7 Bxh6 32. Re5 Rd2 33. Rfxe7+ Kd6 34. R7e6+ Kd7 35. Rxg6 Bf4 36. Rf5 1-0

[Event "FRA"]
[Site "France"]
[Date "1993.??.??"]
[Round "?"]
[White "Karpov, Anatoly"]
[Black "Belotti, Bruno"]
[Result "1-0"]
[WhiteElo "2725"]
[BlackElo "2410"]
[PlyCount "99"]
[EventDate "1993.??.??"]
[Source "www.chesslib.no"]
[SourceDate "2004.05.04"]

1. d4 Nf6 2. c4 c5 3. d5 b5 4. cxb5 a6 5. b6 d6 6. Nc3 Qxb6 7. e4 g6 8. Nf3 Bg7 9. Nd2 O-O 10. Nc4 Qc7 11. Be2 Nbd7 12. Bf4 Nb6 13. Ne3 Nfd7 14. Rc1 a5 15. a4 Nb8 16. Nb5 Qd8 17. b3 Na6 18. O-O Nb4 19. Qd2 Ba6 20. Rfd1 Nd7 21. f3 Nf6 22. Bc4 Ne8 23. Re1 Nc7 24. Na3 Qd7 25. Kh1 Bd4 26. Bh6 Rfb8 27. Ng4 Bxc4 28. Nxc4 Ne8 29. Be3 Bxe3 30. Rxe3 Nf6 31. Nf2 Qd8 32. Rce1 Qf8 33. f4 Qg7 34. Rd1 Nh5 35. Nh3 Nf6 36. Qe2 Qh6 37. Rf3 Qh5 38. Nf2 Qh6 39. g3 Qg7 40. Kg2 h5 41. Nh3 Rd8 42. Ng5 Nh7 43. Nxh7 Kxh7 44. f5 f6 45. fxg6+ Kxg6 46. Rf5 Rh8 47. Rdf1 Rh6 48. e5 dxe5 49. Rxe5 Ra7 50. d6 1-0

[Event "London"]
[Site "?"]
[Date "1992.??.??"]
[Round "?"]
[White "Timoshchenko, G."]
[Black "Adams, M."]
[Result "1-0"]
[WhiteElo "2515"]
[BlackElo "2610"]
[PlyCount "48"]
[EventDate "1992.??.??"]
[Source "ChessBase"]
[SourceDate "1992.06.01"]

1. d4 Nf6 2. c4 c5 3. d5 b5 4. cxb5 a6 5. Nc3 axb5 6. e4 Qa5 7. e5 b4 8. Nb5 Ne4 9. Bc4 Ba6 10. Qd3 b3+ 11. Ke2 Bxb5 12. Bxb5 Qxa2 13. Rxa2 bxa2 14. Qxe4 a1=Q 15. Nf3 Qa5 16. Bc4 e6 17. Rd1 Be7 18. Bg5 Ra7 19. Bxe7 Kxe7 20. Ng5 Qb4 21. Qf4 f6 22. exf6+ gxf6 23. d6+ Ke8 24. Qxf6 Qxc4+ 1-0